000 00525nam a22001817a 4500
005 20251108165305.0
008 250721s1987 xx 000 0 ara d
082 1 4 _a958.104/عبد
100 1 _aعزام، عبد الله
245 1 0 _aعبر و بصائر للجهاد في العصر الحاضر /
250 _aط2
264 1 _aعمان :
_bمكتبة الرسالة الحديثة،
_c1987.
300 _a215ص
650 1 7 _aأفغانستان
650 1 7 _aالتاريخ
942 _2ddc
_cBK
999 _c24270
_d24270